00925nam a2200169 a 4500008004100000050001400041100003000055245004600085260003000131300002100161350000900182995014400191995014500335999001700480952012500497952013300622120416s1953 ||||||||||||||||| || u aHB 85 Hut aHutchison, Terence Wilmot12aA review of economic doctrines, 1870-1929 aOxfordbClarendonc[1953] axiv, 456p. : ill a0.00 aANNEX COLLECTION (Main Library)D0.00e001809FCBU-MAIN LIBRARY (Kitwe)H1I0.00jHB 85 HutUAVAILABLEy001809ZAnnex Low-Usage Collection  aMAIN LIBRARY OPEN ACCESSD0.00e001808FCBU-MAIN LIBRARY (Kitwe)H2I0.00jHB 85 HutUAVAILABLEy001808ZMain Library Open Access Collection c80212d80212 00102lcc4070a001b001cAnnex Low-Usage Collection d2023-06-29l0oHB 85 Hutp001809r2023-06-29t1w2023-06-29y002 00102lcc4070a001b001cMain Library Open Access Collectiond2023-06-29l0oHB 85 Hutp001808r2023-06-29t2w2023-06-29y002